000 00755nam a2200241 i 4500
001 105964
003 ES-MaACL
005 20230906184024.0
007 t|
008 060915s1969 fr ||||1| fre d
080 _a328.123(47+57)
080 _a32(47+57)"1953/85"
245 0 0 _aSamizdat I :
_bla voix de l'opposition communiste en URSS.
260 _aParis :
_bLa Verité,
_c1969.
300 _a647 p. ;
_c24 cm.
490 1 _aLa verité ;
_v546
650 1 4 _aOposición política-
_zURSS.
_915724
651 4 _aURSS-
_xHistoria-
_y1953-1985.
_9156669
651 4 _aURSS-
_xPolítica y gobierno-
_y1953-1985.
_99482
830 1 _aLa verité ;
_v546
_9232789
852 _aES-MaACL
_jAND-974
_z- Biblioteca Juan Andrade
999 _c105964
_d105964